| 000 | 00463nam a22001577a 4500 | ||
|---|---|---|---|
| 005 | 20240110151246.0 | ||
| 008 | 190528b xxu||||| |||| 00| 0 eng d | ||
| 020 | _a978-93-87686-41-0 | ||
| 041 | _aeng | ||
| 100 |
_aFULORIA, NEERAJ KUMAR ,FULORIA,DR. SHIVKANYA .,KUMAR ,DR. SOKINDRA.,AND SINGH, DR. AMIT _98338 |
||
| 245 | _aFUNDAMENTALS OF PHARMACO ECONOMICS | ||
| 250 | _a1st, Ed. 2018 | ||
| 260 |
_aPUNE _bNIRALI PRAKASHAN |
||
| 300 | _aI.3 p, | ||
| 942 | _cBK | ||
| 999 |
_c5889 _d5887 |
||